Quality value analysis from customer's point of view

Posúdenie procesov zabezpečenia kvality v podniku. Moderný marketingový mix.

Gespeichert in:
Bibliographische Detailangaben
1. Verfasser: Kmecová, Iveta
Weitere Verfasser: Zeman, Robert, Kučerka, Daniel, Kučerková, Monika
Format: Buchkapitel
Sprache:Englisch
Schlagworte:
Tags: Tag hinzufügen
Keine Tags, Fügen Sie das erste Tag hinzu!

MARC

LEADER 00000naa a2200000 4500
001 0198268
005 20231106131045.2
041 0 |a eng 
044 |a SK 
245 1 0 |a Quality value analysis from customer's point of view  |c Iveta Kmecová, Robert Zeman, Daniel Kučerka, Monika Kučerková 
520 |a Posúdenie procesov zabezpečenia kvality v podniku. Moderný marketingový mix. 
610 2 0 |a manažment 
610 2 0 |a analýza kvalitatívna 
610 2 0 |a kontrola kvality 
610 2 0 |a riadenie kvality 
610 2 0 |a systém riadenia kvality 
610 2 0 |a ukazovatele kvalitatívne 
610 2 0 |a spotrebitelia 
610 2 0 |a spokojnosť zákazníkov 
100 1 |a Kmecová, Iveta 
700 1 |a Zeman, Robert 
700 1 |a Kučerka, Daniel 
700 1 |a Kučerková, Monika